000 01260nam a22003610a 4500
001 PT18273
003 AR-LpoUNG
005 20210516202733.0
008 191001s2003||||ag |||||||||||||||||spa d
040 _aAR-LpoUNG
_bspa
_cAR-LpoUNG
_eaacr
041 _aspa
044 _aag
082 0 _a305.8 363gen
111 2 _aEl racismo al diván en el país del olvido XI 1993 - 2002, Buenos Aires, 25 julio 2003
245 1 3 _aEl genocidio a los pueblos del África negra
250 _aed.
260 _aBuenos Aires :
_bFundación Centro Psicoanalítico Argentino,
_c2003.
300 _ap. :
_bVHS (120 min.) : son., col.
505 0 _aPanelistas invitados Dina Picotti, Marta Goldbertg, Ricardo Rodríguez Molas, Hebe Clementi y Miriam Gómez
505 0 _aProducción: Gabriel Mazzaglia. - Coordinación: Irene Bais.
650 4 _aCULTURA
650 4 _aDELITOS
650 4 _aDISCRIMINACION RACIAL
650 4 _aPOLITICA NACIONAL
650 4 _aPROBLEMAS SOCIALES
650 4 _aRELACIONES SOCIALES
653 _aVIDEOS
700 1 _aFernández Couto, Rogelio
_ecoor.
710 2 _aFundación Centro Psicoanalítico Argentino
710 2 _aFundación Centro Psicoanálitico Argentino (Buenos Aires)
905 _a18273
942 _cVIDEO
999 _c54498
_d54498